000 00243nam a2200121Ia 4500
100 _a#N/A
650 _aComputer/ IT
942 _cBK
654 _aPHOTOSHOP
245 _aPHOTOSHOP CS ON SCREEN TRAINING
260 _b#N/A
546 _aENGLISH
999 _c31153
_d31153